[Event "Cesme op-A 11th"]
[Site "Izmir"]
[Date "2025.06.27"]
[Round "7"]
[White "Gunduz, Umut Erdem"]
[Black "Ilgaz, Yusuf Kerem"]
[Result "1/2-1/2"]
[WhiteElo "2268"]
[BlackElo "2101"]
[PlyCount "126"]
[EventDate "2025.06.23"]
[EventType "swiss"]
[EventRounds "9"]
[EventCountry "TUR"]
[SourceTitle "CB27_2025"]
[SourceDate "2025.07.02"]
[SourceVersion "1"]
[SourceVersionDate "2025.07.02"]
[SourceQuality "1"]

1. Nf3 Nf6 2. g3 b6 3. Bg2 Bb7 4. d4 g6 5. c4 Bg7 6. Nc3 Ne4 7. Qc2 Nxc3 8. bxc3 Nc6 9. 0-0 Na5 10. c5 0-0 11. e4 d6 12. Rb1 Qd7 13. Bf4 bxc5 14. dxc5 e5 15. Be3 Qc6 16. c4 Ba6 17. Rb4 dxc5 18. Ra4 Nb7 19. Nd2 Nd8 20. Bh3 Bc8 21. Bxc8 Rxc8 22. Rxa7 Ne6 23. Qa4 Qd6 24. Nb3 Rfd8 25. Qa5 Bf8 26. Ra6 Qd3 27. Rxe6 fxe6 28. Nxc5 Bxc5 29. Qxc5 Qxe4 30. a4 Rd6 31. a5 Qc6 32. Qxe5 Qxc4 33. Bc5 Rd3 34. Re1 Qd5 35. Qxe6+ Qxe6 36. Rxe6 Rd5 37. Rc6 Kf7 38. Bb6 Rd7 39. Bc5 Rd1+ 40. Kg2 Rc1 41. a6 Ke8 42. Re6+ Kd7 43. Re7+ Kc6 44. Be3 Ra1 45. a7 Kd5 46. Rxh7 c5 47. Rd7+ Ke4 48. Rb7 Rc6 49. h4 c4 50. Rb8 Rca6 51. Rc8 Kd3 52. g4 c3 53. h5 gxh5 54. gxh5 c2 55. h6 Rxa7 56. Bxa7 Rxa7 57. Kf3 Rh7 58. Rc6 Kd2 59. Rd6+ Kc3 60. Rc6+ Kd2 61. Rd6+ Kc3 62. Rc6+ Kd2 63. Rd6+ Kc3 1/2-1/2

[Event "Titled Tuesday intern op 20th May Late"]
[Site "Chess.com INT"]
[Date "2025.05.20"]
[Round "5"]
[White "Gunduz, Umut Erdem"]
[Black "Demchenko, Anton"]
[Result "0-1"]
[WhiteElo "2268"]
[BlackElo "2619"]
[PlyCount "112"]
[EventDate "2025.05.20"]
[EventType "swiss (blitz)"]
[EventRounds "11"]
[EventCountry "USA"]
[SourceTitle "CB22_2025"]
[SourceDate "2025.05.28"]
[SourceVersion "1"]
[SourceVersionDate "2025.05.28"]
[SourceQuality "1"]

1. e4 d6 2. d4 Nf6 3. Nc3 e5 4. Nf3 Nbd7 5. Bc4 Be7 6. 0-0 0-0 7. Re1 c6 8. a4 Qc7 9. h3 h6 10. Be3 Re8 11. Qd2 Bf8 12. a5 exd4 13. Bxd4 Ne5 14. Be2 Bd7 15. Qe3 Qb8 16. Qf4 Ng6 17. Qg3 Nxe4 18. Nxe4 Rxe4 19. Bd3 Rxe1+ 20. Rxe1 d5 21. Ne5 Nxe5 22. Bxe5 Qd8 23. b4 Qg5 24. Qxg5 hxg5 25. c3 Re8 26. Kf1 c5 27. bxc5 Bxc5 28. Bd4 Rxe1+ 29. Kxe1 Bxd4 30. cxd4 Kf8 31. Kd2 Ke7 32. Kc3 f5 33. g3 f4 34. h4 gxh4 35. gxh4 Kd6 36. Kb4 Bg4 37. Bg6 Be2 38. Bf7 Bf3 39. Bg8 Be4 40. Bf7 Bd3 41. Bg8 Bc4 42. Bf7 b6 43. axb6 axb6 44. Bg8 Ke7 45. Bh7 Kf6 46. Bc2 g5 47. h5 g4 48. Bd1 f3 49. Kc3 Kg5 50. Kd2 Kxh5 51. Ke3 Kg5 52. Bc2 b5 53. Bb1 b4 54. Bc2 b3 55. Bb1 Ba6 56. Kd2 Kf4 0-1

[Event "Titled Tuesday intern op 20th May Late"]
[Site "Chess.com INT"]
[Date "2025.05.20"]
[Round "1"]
[White "Hernandez Bermudez, Ulises Eduardo"]
[Black "Gunduz, Umut Erdem"]
[Result "0-1"]
[WhiteElo "2042"]
[BlackElo "2268"]
[PlyCount "46"]
[EventDate "2025.05.20"]
[EventType "swiss (blitz)"]
[EventRounds "11"]
[EventCountry "USA"]
[SourceTitle "CB22_2025"]
[SourceDate "2025.05.28"]
[SourceVersion "1"]
[SourceVersionDate "2025.05.28"]
[SourceQuality "1"]

1. e4 c5 2. c3 e6 3. d4 d5 4. exd5 Qxd5 5. Nf3 Nc6 6. Na3 a6 7. Be3 cxd4 8. Nxd4 Bxa3 9. Nxc6 Bxb2 10. Qxd5 exd5 11. Nb4 Bxc3+ 12. Bd2 Bxa1 13. Nxd5 Be5 14. f4 Bd6 15. Bc3 Nf6 16. Nb6 Rb8 17. g3 0-0 18. Bg2 Re8+ 19. Kd2 Ne4+ 20. Bxe4 Rxe4 21. Rc1 Bg4 22. Kd3 f5 23. Bd4 Rd8 0-1

[Event "TUR-ch"]
[Site "Antalya"]
[Date "2024.12.14"]
[Round "1.2"]
[White "Gunduz, Umut Erdem"]
[Black "Akbas, Umut Ata"]
[Result "1/2-1/2"]
[WhiteElo "2287"]
[BlackElo "2467"]
[PlyCount "138"]
[EventDate "2024.12.13"]
[EventType "k.o."]
[EventRounds "4"]
[EventCountry "TUR"]
[SourceTitle "CB52_2024"]
[SourceDate "2024.12.25"]
[SourceVersion "1"]
[SourceVersionDate "2024.12.25"]
[SourceQuality "1"]

1. e4 c5 2. Nf3 Nc6 3. d4 cxd4 4. Nxd4 e5 5. Nb5 d6 6. N1c3 a6 7. Na3 Be6 8. Nd5 Nf6 9. Bg5 Be7 10. Bxf6 Bxf6 11. c3 0-0 12. g3 Ne7 13. Nxf6+ gxf6 14. Bg2 Qb6 15. Qd2 Rfd8 16. 0-0 d5 17. exd5 Bxd5 18. Bxd5 Rxd5 19. Qe2 Rad8 20. Rad1 Qe6 21. Nc4 Nf5 22. Na5 Nd6 23. Nb3 Ne4 24. Rxd5 Qxd5 25. Qf3 Ng5 26. Qxd5 Rxd5 27. Kg2 b5 28. h4 Ne4 29. Re1 Nd6 30. Kf3 f5 31. Na5 f6 32. Ke2 Ne4 33. Nb3 a5 34. Rg1 a4 35. f3 axb3 36. fxe4 fxe4 37. axb3 Rd3 38. g4 Kf7 39. h5 Rh3 40. Rg2 h6 41. Kd2 Rd3+ 42. Kc2 Rf3 43. b4 Ke6 44. b3 f5 45. gxf5+ Kxf5 46. c4 Kf4 47. cxb5 Ke3 48. Kc3 Rf8 49. b6 Rc8+ 50. Kb2 Kf3 51. b7 Rb8 52. Rg7 e3 53. Rf7+ Ke4 54. Kc2 Rd8 55. Rd7 Rxd7 56. b8Q e2 57. Qa8+ Ke3 58. Qh1 Rc7+ 59. Kb2 Rf7 60. Qg1+ Kf3 61. b5 e4 62. b6 Rd7 63. Qh1+ Ke3 64. Qh3+ Kf2 65. Qf5+ Ke3 66. Qh3+ Kf2 67. Qf5+ Ke3 68. Qh3+ Kf4 69. Qh4+ Kf3 1/2-1/2

[Event "SRB-chT2 Vojvodina"]
[Site "Palic"]
[Date "2024.11.04"]
[Round "10.1"]
[White "Gunduz, Umut Erdem"]
[Black "Besedes, Danilo"]
[Result "1/2-1/2"]
[WhiteElo "2265"]
[BlackElo "2270"]
[PlyCount "49"]
[EventDate "2024.10.29"]
[EventType "team-tourn"]
[EventRounds "11"]
[EventCountry "SRB"]
[SourceTitle "CB45_2024"]
[Source "ChessBase"]
[SourceDate "2024.11.06"]
[SourceVersion "1"]
[SourceVersionDate "2024.11.06"]
[SourceQuality "1"]
[WhiteTeam "Indjija"]
[BlackTeam "Zrenjanin Proleter"]
[WhiteTeamCountry "SRB"]
[BlackTeamCountry "SRB"]

1. e4 e6 2. d4 d5 3. Nc3 Bb4 4. Nge2 dxe4 5. a3 Be7 6. Nxe4 Nd7 7. g3 Ngf6 8. Nxf6+ Nxf6 9. Bg2 0-0 10. 0-0 Rb8 11. c4 b6 12. Nc3 Ba6 13. Qa4 Bb7 14. Bxb7 Rxb7 15. Qc6 Rb8 16. Rd1 Qd7 17. Qxd7 Nxd7 18. d5 Ne5 19. Nb5 Rb7 20. Be3 Bd6 21. f4 a6 22. Nxd6 cxd6 23. Rac1 Rc8 24. b4 f6 25. Rc2 1/2-1/2

[Event "TUR Cup"]
[Site "Denizli"]
[Date "2024.08.01"]
[Round "4"]
[White "Gunduz, Umut Erdem"]
[Black "Cakmak, Kursat Kagan"]
[Result "1-0"]
[WhiteElo "2276"]
[BlackElo "1811"]
[PlyCount "93"]
[EventDate "2024.07.30"]
[EventType "swiss"]
[EventRounds "11"]
[EventCountry "TUR"]
[SourceTitle "EXT 2025"]
[Source "ChessBase"]
[SourceDate "2024.10.14"]
[SourceVersion "1"]
[SourceVersionDate "2024.10.14"]
[SourceQuality "1"]

1. e4 c5 2. Nf3 e6 3. d4 cxd4 4. Nxd4 Nf6 5. Nc3 Nc6 6. Nxc6 bxc6 7. e5 Nd5 8. Ne4 Bb7 9. Be2 c5 10. 0-0 Qc7 11. Nd6+ Bxd6 12. exd6 Qb6 13. a4 Rc8 14. c4 Nf6 15. a5 Qc6 16. f3 h6 17. Qd3 0-0 18. Bd1 Ba6 19. Bf4 Qd5 20. cxd5 Bxd3 21. dxe6 fxe6 22. Re1 Nd5 23. Bg3 Rb8 24. Rc1 c4 25. Ba4 Rfd8 26. Be5 a6 27. Bd4 Rb4 28. Ra1 Rb7 29. Red1 Re8 30. Be5 g5 31. Rd2 Nb4 32. Ra3 Rc8 33. Bd4 Kf7 34. Rc3 e5 35. Bb6 Rf8 36. Rc1 Ke6 37. b3 e4 38. bxc4 Kxd6 39. fxe4 Rc8 40. Rb1 Rxc4 41. Rxb4 Rxb4 42. Rxd3+ Ke5 43. Bxd7 h5 44. Rd1 h4 45. h3 Rc4 46. Bf5 Rc2 47. Bd4+ 1-0

[Event "TUR Cup"]
[Site "Denizli"]
[Date "2024.07.30"]
[Round "1"]
[White "Yurdamli, Tahsin"]
[Black "Gunduz, Umut Erdem"]
[Result "0-1"]
[WhiteElo "1557"]
[BlackElo "2276"]
[PlyCount "56"]
[EventDate "2024.07.30"]
[EventType "swiss"]
[EventRounds "11"]
[EventCountry "TUR"]
[SourceTitle "EXT 2025"]
[Source "ChessBase"]
[SourceDate "2024.10.14"]
[SourceVersion "1"]
[SourceVersionDate "2024.10.14"]
[SourceQuality "1"]

1. Nf3 c5 2. g3 d5 3. Bg2 Nc6 4. b3 e5 5. d3 Bd6 6. Bb2 Nge7 7. 0-0 f6 8. Nbd2 Be6 9. Re1 g5 10. e4 d4 11. Nc4 Bc7 12. Nfd2 h5 13. a3 b5 14. Qe2 bxc4 15. Nxc4 Ng6 16. Rad1 Qd7 17. Bc1 h4 18. Bh1 0-0-0 19. Bd2 Rdg8 20. c3 Nf4 21. Bxf4 gxf4 22. b4 hxg3 23. fxg3 dxc3 24. bxc5 Qd4+ 25. Qf2 Rxg3+ 26. hxg3 Rxh1+ 27. Kxh1 Qxf2 28. gxf4 Bg4 0-1

[Event "Cesme op-A 10th"]
[Site "Cesme"]
[Date "2024.06.25"]
[Round "4"]
[White "Isgandarova, Khadija"]
[Black "Gunduz, Umut Erdem"]
[Result "1/2-1/2"]
[WhiteElo "2103"]
[BlackElo "2312"]
[PlyCount "39"]
[EventDate "2024.06.23"]
[EventType "swiss"]
[EventRounds "9"]
[EventCountry "TUR"]
[SourceTitle "CBM 220 Extra"]
[Source "ChessBase"]
[SourceDate "2024.07.31"]
[SourceVersion "1"]
[SourceVersionDate "2024.07.31"]
[SourceQuality "1"]

1. e4 c5 2. Nf3 Nc6 3. Bb5 g6 4. 0-0 Bg7 5. c3 Nf6 6. Re1 a6 7. Bf1 d6 8. h3 0-0 9. d4 cxd4 10. cxd4 d5 11. e5 Ne4 12. Nc3 Bf5 13. g4 Be6 14. Bd3 Nb4 15. Bb1 Rc8 16. Nxe4 dxe4 17. Ng5 Nd3 18. Bxd3 exd3 19. Nxe6 fxe6 20. Qxd3 1/2-1/2

[Event "Titled Tuesday intern op 26th Dec Late"]
[Site "Chess.com INT"]
[Date "2023.12.26"]
[Round "10"]
[White "Przybylski, Wojciech"]
[Black "Gunduz, Umut Erdem"]
[Result "0-1"]
[WhiteElo "2308"]
[BlackElo "2318"]
[PlyCount "130"]
[EventDate "2023.12.26"]
[EventType "swiss (blitz)"]
[EventRounds "11"]
[EventCountry "USA"]
[SourceTitle "EXT 2025"]
[Source "ChessBase"]
[SourceDate "2024.10.14"]
[SourceVersion "1"]
[SourceVersionDate "2024.10.14"]
[SourceQuality "1"]

1. e4 c5 2. Nf3 d6 3. d4 cxd4 4. Nxd4 Nf6 5. Nc3 Nc6 6. h3 g6 7. Nb3 Bg7 8. Be3 0-0 9. Be2 Be6 10. 0-0 d5 11. exd5 Nxd5 12. Nxd5 Bxd5 13. c3 b6 14. Qd2 Ne5 15. Bd4 e6 16. Rfd1 Qc7 17. Qe3 Rfd8 18. Qg3 Rac8 19. Ba6 Rb8 20. Re1 f6 21. Bd3 Qb7 22. Bxe5 fxe5 23. Re3 Rf8 24. Rae1 Bh6 25. Rxe5 Bf4 26. Qg4 Bxe5 27. Rxe5 Rf6 28. Nd4 Rbf8 29. f3 Rf4 30. Qg5 Qf7 31. h4 Qf6 32. g3 Rxf3 33. Qxf6 R3xf6 34. c4 Bb7 35. Re3 Rd8 36. Nb3 Kf7 37. Be2 Rf5 38. a3 h5 39. Bd3 Rf3 40. Rxf3+ Bxf3 41. Bf1 e5 42. Kf2 Bc6 43. Ke3 Kf6 44. Be2 Ke6 45. Bd3 e4 46. Be2 Ke5 47. c5 b5 48. Nd2 a6 49. Nb1 Rd5 50. b4 Rd8 51. Nc3 Rg8 52. Nd1 g5 53. Nf2 gxh4 54. g4 hxg4 55. Nxg4+ Ke6 56. Kf4 Rf8+ 57. Ke3 h3 58. Nh2 Rh8 59. Bg4+ Kf6 60. Kf4 Kg6 61. Bf5+ Kf6 62. Bg4 Kg7 63. Bf5 Rf8 64. Kg5 e3 65. Bg4 Rf2 0-1

[Event "Titled Tuesday intern op 19th Dec Late"]
[Site "Chess.com INT"]
[Date "2023.12.19"]
[Round "5"]
[White "Caruana, Fabiano"]
[Black "Gunduz, Umut Erdem"]
[Result "1-0"]
[WhiteElo "2794"]
[BlackElo "2318"]
[PlyCount "75"]
[EventDate "2023.12.19"]
[EventType "swiss (blitz)"]
[EventRounds "11"]
[EventCountry "USA"]
[SourceTitle "EXT 2025"]
[Source "ChessBase"]
[SourceDate "2024.10.14"]
[SourceVersion "1"]
[SourceVersionDate "2024.10.14"]
[SourceQuality "1"]

1. f4 e5 2. fxe5 d6 3. Nf3 dxe5 4. Nxe5 Bd6 5. Nf3 Bg4 6. e3 Nc6 7. Bb5 Nge7 8. 0-0 0-0 9. Nc3 a6 10. Be2 Ng6 11. Ne4 Be7 12. Nf2 Be6 13. d4 f5 14. c4 Bf7 15. Bd2 Bf6 16. Bc3 Re8 17. Qd2 Qe7 18. d5 Nce5 19. Nd4 Qd7 20. Nh3 f4 21. Nxf4 Nxf4 22. exf4 Ng4 23. f5 Ne5 24. Ne6 c6 25. Rad1 cxd5 26. cxd5 Rac8 27. Kh1 b5 28. Qf4 Qd6 29. Bb4 Qb6 30. Qg3 Nc4 31. Bc3 Bxc3 32. bxc3 Bxe6 33. fxe6 Ne3 34. Rf7 g6 35. Qe5 Nf5 36. Rxf5 gxf5 37. Rd3 Rc4 38. Rg3+ 1-0

[Event "Titled Tuesday intern op 19th Dec Late"]
[Site "Chess.com INT"]
[Date "2023.12.19"]
[Round "9"]
[White "Gunduz, Umut Erdem"]
[Black "Keleberda, Timur"]
[Result "0-1"]
[WhiteElo "2318"]
[BlackElo "2222"]
[PlyCount "58"]
[EventDate "2023.12.19"]
[EventType "swiss (blitz)"]
[EventRounds "11"]
[EventCountry "USA"]
[SourceTitle "EXT 2025"]
[Source "ChessBase"]
[SourceDate "2024.10.14"]
[SourceVersion "1"]
[SourceVersionDate "2024.10.14"]
[SourceQuality "1"]

1. e4 c5 2. Nf3 d6 3. d4 cxd4 4. Nxd4 Nf6 5. Nc3 a6 6. Bg5 e6 7. f4 Nbd7 8. Qf3 h6 9. Bh4 e5 10. Nf5 exf4 11. 0-0-0 g5 12. Nxd6+ Bxd6 13. Rxd6 Qe7 14. Rd2 Ne5 15. Qf2 Be6 16. Nd5 Bxd5 17. exd5 Nfg4 18. Qd4 gxh4 19. d6 Qe6 20. h3 Nf6 21. Bc4 Nxc4 22. d7+ Ke7 23. Qc5+ Nd6 24. Kd1 Nfe4 25. d8Q+ Rhxd8 26. Qc7+ Rd7 27. Qb6 Nxd2 28. Re1 N6e4 29. Kc1 Qxb6 0-1

[Event "Titled Tuesday intern op 19th Dec Late"]
[Site "Chess.com INT"]
[Date "2023.12.19"]
[Round "8"]
[White "Gunduz, Umut Erdem"]
[Black "Korchynskyi, Mykola"]
[Result "1-0"]
[WhiteElo "2318"]
[BlackElo "2196"]
[PlyCount "57"]
[EventDate "2023.12.19"]
[EventType "swiss (blitz)"]
[EventRounds "11"]
[EventCountry "USA"]
[SourceTitle "EXT 2025"]
[Source "ChessBase"]
[SourceDate "2024.10.14"]
[SourceVersion "1"]
[SourceVersionDate "2024.10.14"]
[SourceQuality "1"]

1. e4 e6 2. d4 d5 3. Nd2 c5 4. Ngf3 cxd4 5. exd5 Qxd5 6. Bc4 Qd6 7. 0-0 Nf6 8. Nb3 Nc6 9. Re1 Be7 10. Nbxd4 Nxd4 11. Nxd4 0-0 12. c3 a6 13. Qf3 Ra7 14. Bf4 Qc5 15. Bb3 b5 16. Nc6 Bb7 17. Be3 Qd6 18. Bxa7 Bxc6 19. Qg3 Qd2 20. Be3 Qxb2 21. Qc7 Qxc3 22. Qxe7 Qe5 23. Bc5 Qxc5 24. Qxc5 Bxg2 25. Kxg2 Ne4 26. Rxe4 h6 27. Rd1 Rc8 28. Qxc8+ Kh7 29. Rxe6 1-0

[Event "Titled Tuesday intern op 19th Dec Late"]
[Site "Chess.com INT"]
[Date "2023.12.19"]
[Round "7"]
[White "Mazurkiewicz, Michal"]
[Black "Gunduz, Umut Erdem"]
[Result "0-1"]
[WhiteElo "2145"]
[BlackElo "2318"]
[PlyCount "58"]
[EventDate "2023.12.19"]
[EventType "swiss (blitz)"]
[EventRounds "11"]
[EventCountry "USA"]
[SourceTitle "EXT 2025"]
[Source "ChessBase"]
[SourceDate "2024.10.14"]
[SourceVersion "1"]
[SourceVersionDate "2024.10.14"]
[SourceQuality "1"]

1. e4 e5 2. Nf3 Nc6 3. Bb5 a6 4. Bxc6 dxc6 5. 0-0 Qf6 6. d4 exd4 7. Bg5 Qe6 8. Nxd4 Qg6 9. Bf4 Bh3 10. Qf3 Bg4 11. Qb3 0-0-0 12. c3 Nf6 13. f3 Bd7 14. Nd2 Nh5 15. Be3 Bd6 16. f4 c5 17. f5 Bxh2+ 18. Kxh2 Qg3+ 19. Kh1 Qxe3 20. N4f3 Ng3+ 21. Kh2 Nxf1+ 22. Rxf1 Bc6 23. Qxf7 Rxd2 24. Nxd2 Qxd2 25. Qxg7 Qd8 26. Rf4 Rg8 27. Qe5 Qg5 28. Qe6+ Bd7 29. Qxg8+ Qxg8 0-1